LEADER 00918nam0-22002891i-450- 001 990001684750403321 005 20051017135034.0 035 $a000168475 035 $aFED01000168475 035 $a(Aleph)000168475FED01 035 $a000168475 100 $a20030910d1899----km-y0itay50------ba 101 0 $aita 200 1 $a<>uso dei concimi chimici nella coltura degli alberi fruttiferi, degli ortaggi e dei fiori$fPaul Wagner 210 $aCasale$cTip. Cassone$d1899 215 $a104 p.$d20 cm 225 1 $aBiblioteca agraria Ottavi$v2 610 0 $aConcimazione 676 $a631.8 700 1$aWagner,$bPaul$f<1843-1930>$070000 801 0$aIT$bUNINA$gRICA$2UNIMARC 901 $aBK 912 $a990001684750403321 952 $a60 631.8 B 18$b5080$fFAGBC 959 $aFAGBC 996 $aUso dei concimi chimici nella coltura degli alberi fruttiferi, degli ortaggi e dei fiori$9371382 997 $aUNINA LEADER 01154nam--2200361---450- 001 990003114150203316 005 20080604095632.0 010 $a978-92-9167-964-5 035 $a000311415 035 $aUSA01000311415 035 $a(ALEPH)000311415USA01 035 $a000311415 100 $a20080604d2007----km-y0itay0103----ba 101 $aeng 102 $aLU 105 $a||||||||001yy 200 1 $aAir pollution in Europe, 1990-2004$fEuropean environment agency 210 $aLuxembourg$cOffice for official publications of the European Communities$d2007 215 $a79 p.$cill.$d30 cm 225 2 $aEEA report$v2/2007 410 0$12001$aEEA report$v4/2003 606 0 $aInquinamento atmosferico$yPaesi della Comunità europea 676 $a363.7392094 699 $a16.04$bLotta all'inquinamento 710 02$aAGENZIA EUROPEA DELL'AMBIENTE$0541548 801 0$aIT$bsalbc$gISBD 912 $a990003114150203316 951 $aCDE 16.04 (XXXVIII)$bCDE 1795$cCDE 16.04$d00149998 959 $aBK 969 $aCDE 979 $aMARIAS$b90$c20080604$lUSA01$h0956 996 $aAir pollution in Europe, 1990-2004$91020350 997 $aUNISA